| 000 | 00614nam a22002057a 4500 | ||
|---|---|---|---|
| 003 | OSt | ||
| 005 | 20141101120448.0 | ||
| 008 | 141013b xxu||||| |||| 00| 0 eng d | ||
| 020 | _a978-958-648-657-6 | ||
| 040 | _cBMC | ||
| 082 | _a658.3 | ||
| 100 | 1 |
_926585 _aCuesta Santos, Armando |
|
| 245 | 1 | 0 |
_aGestión del talento humano y del conocimiento _cArmando Cuesta Santos |
| 260 |
_aBogotá _bECOE _c2010 |
||
| 300 |
_aXVII, 448 p. _bil. _c24 cm. |
||
| 490 | _aCiencias Administrativas. Administración | ||
| 504 | _aBibliografía: p. 437-448 | ||
| 650 | 2 | 4 |
_95702 _aGestión de recursos humanos |
| 942 |
_2ddc _cBK |
||
| 999 |
_c14591 _d14591 |
||